000 00338nam a2200145Ia 4500
008 100204s9999 xx 000 0 und d
082 _b22135
100 _aLYALL WATSON
245 _aSUPERNATURE
260 _b"HHOLDER & STOUGHTON, LONDON"
_c1973
300 _a351
630 _aSUPERNATURE
730 _aSUPERNATURE
942 _cBOOK
999 _c467247
_d467244